[Event "Nova Odessa IRT Regional 3rd"]
[Site "Nova Odessa"]
[Date "2012.12.15"]
[Round "3.2"]
[White "Horta, Marcio Rodrigues"]
[Black "Pinto, Rendrex Lopes"]
[Result "1/2-1/2"]
[WhiteElo "1954"]
[BlackElo "1911"]
[PlyCount "142"]
[EventDate "2012.12.14"]
[EventType "swiss"]
[EventRounds "6"]
[EventCountry "BRA"]
[SourceTitle "EXT 2022"]
[Source "ChessBase"]
[SourceDate "2021.10.06"]
[SourceVersion "1"]
[SourceVersionDate "2021.10.06"]
[SourceQuality "1"]

1. e4 e6 2. d4 d5 3. Nd2 Nf6 4. Bd3 c5 5. e5 Nfd7 6. c3 Nc6 7. Ne2 Qb6 8. Nf3 cxd4 9. cxd4 f6 10. exf6 Nxf6 11. 0-0 Bd6 12. b3 e5 13. dxe5 Nxe5 14. Nxe5 Bxe5 15. Be3 Qd6 16. Bb5+ Bd7 17. Bxd7+ Nxd7 18. Nd4 Bxh2+ 19. Kh1 0-0 20. Nb5 Qe5 21. Bd4 Qf4 22. Qh5 a6 23. Qxd5+ Qf7 24. Qxf7+ Kxf7 25. Kxh2 axb5 26. Rfc1 Rfc8 27. Rxc8 Rxc8 28. Re1 Rc2 29. a3 Ra2 30. Rc1 Rd2 31. Be3 Rd3 32. Rc7 Ke6 33. Rxb7 Rxb3 34. a4 bxa4 35. Ra7 Rb4 36. Kg3 Nf6 37. Kf3 Nd7 38. Ke2 h6 39. Kd2 Rg4 40. g3 Nf6 41. Bf4 g5 42. f3 gxf4 43. fxg4 fxg3 44. Rxa4 g2 45. Ra1 Nxg4 46. Ke2 h5 47. Kf3 Kf5 48. Ra5+ Ne5+ 49. Kxg2 Kf4 50. Kh3 Ke4 51. Kh4 Kf4 52. Kxh5 Ke4 53. Kg5 Nf3+ 54. Kf6 Nd4 55. Rc5 Nf3 56. Rf5 Nd4 57. Rh5 Nf3 58. Ke6 Nd4+ 59. Kd6 Nf5+ 60. Kc5 Ke5 61. Rh1 Ng3 62. Rh4 Ne4+ 63. Kc4 Nd6+ 64. Kd3 Nf5 65. Re4+ Kd5 66. Rf4 Ke5 67. Rb4 Kd5 68. Ra4 Ke5 69. Rg4 Kd5 70. Rg5 Ke5 71. Rh5 Kf4 1/2-1/2

[Event "Osasco op"]
[Site "Osasco"]
[Date "2012.04.20"]
[Round "2"]
[White "El Debs, Felipe de Cresce"]
[Black "Horta, Marcio Rodrigues"]
[Result "1-0"]
[WhiteElo "2507"]
[BlackElo "1999"]
[PlyCount "37"]
[EventDate "2012.04.20"]
[EventType "swiss"]
[EventRounds "6"]
[EventCountry "BRA"]
[SourceTitle "CBM 148 Extra"]
[Source "ChessBase"]
[SourceDate "2012.06.22"]
[SourceVersion "1"]
[SourceVersionDate "2012.06.22"]
[SourceQuality "1"]

1. Nf3 d5 2. d4 Nf6 3. c4 e6 4. g3 Bb4+ 5. Nbd2 0-0 6. Bg2 b6 7. 0-0 Bb7 8. cxd5 exd5 9. Ne5 c5 10. Nb3 cxd4 11. Nxd4 Bc5 12. Bf4 Bxd4 13. Qxd4 Nc6 14. Nxc6 Bxc6 15. Bg5 Re8 16. Bxf6 Qxf6 17. Qxf6 gxf6 18. Rfc1 Rac8 19. Bh3 1-0

[Event "Altinopolis op 1st"]
[Site "Altinopolis"]
[Date "2012.02.03"]
[Round "2"]
[White "Horta, Marcio Rodrigues"]
[Black "Blit, Jacques"]
[Result "0-1"]
[WhiteElo "1999"]
[BlackElo "2282"]
[PlyCount "62"]
[EventDate "2012.02.03"]
[EventType "swiss"]
[EventRounds "6"]
[EventCountry "BRA"]
[SourceTitle "CBM 147 Extra"]
[Source "ChessBase"]
[SourceDate "2012.04.24"]
[SourceVersion "1"]
[SourceVersionDate "2012.04.24"]
[SourceQuality "1"]

1. e4 c5 2. c3 g6 3. d4 cxd4 4. cxd4 d5 5. e5 Nc6 6. Nc3 Nh6 7. Be3 Nf5 8. Nf3 Nxe3 9. fxe3 Bh6 10. Qd2 0-0 11. Bb5 Na5 12. 0-0 f6 13. Qe2 a6 14. Bd3 Kg7 15. e4 dxe4 16. Bxe4 fxe5 17. dxe5 Be6 18. Rfd1 Qb6+ 19. Kh1 Nc4 20. Nd5 Bxd5 21. Bxd5 Ne3 22. Rd3 Rad8 23. Rb3 Qc5 24. Bxb7 Ng4 25. Rc3 Nf2+ 26. Kg1 Nh3+ 27. Kh1 Qa7 28. Qxa6 Nf2+ 29. Kg1 Nh3+ 30. Kh1 Qg1+ 31. Nxg1 Nf2# 0-1

[Event "Altinopolis op 1st"]
[Site "Altinopolis"]
[Date "2012.02.03"]
[Round "1"]
[White "Kajiwara, Joao Kazuyuki"]
[Black "Horta, Marcio Rodrigues"]
[Result "0-1"]
[WhiteElo "1249"]
[BlackElo "1999"]
[PlyCount "44"]
[EventDate "2012.02.03"]
[EventType "swiss"]
[EventRounds "6"]
[EventCountry "BRA"]
[SourceTitle "CBM 147 Extra"]
[Source "ChessBase"]
[SourceDate "2012.04.24"]
[SourceVersion "1"]
[SourceVersionDate "2012.04.24"]
[SourceQuality "1"]

1. Nf3 f5 2. d3 Nf6 3. g3 Nc6 4. Bg2 e5 5. 0-0 Bc5 6. c3 Bb6 7. Nbd2 0-0 8. Nc4 Qe8 9. Qb3 Kh8 10. Qc2 d5 11. Nxb6 axb6 12. Nd2 Be6 13. e4 Qf7 14. Re1 fxe4 15. dxe4 dxe4 16. Nxe4 Bxa2 17. Ng5 Qg8 18. Bxc6 bxc6 19. Rxe5 Bb3 20. Re7 Bxc2 21. Nf7+ Rxf7 22. Rxf7 Rxa1 0-1

[Event "Nova Odessa IRT Regional 1st"]
[Site "Nova Odessa"]
[Date "2011.08.07"]
[Round "5.6"]
[White "Barbosa, Augusto Thebaldi"]
[Black "Horta, Marcio Rodrigues"]
[Result "0-1"]
[WhiteElo "1835"]
[BlackElo "1993"]
[PlyCount "52"]
[EventDate "2011.08.05"]
[EventType "swiss"]
[EventRounds "6"]
[EventCountry "BRA"]
[SourceTitle "EXT 2022"]
[Source "ChessBase"]
[SourceDate "2021.10.06"]
[SourceVersion "1"]
[SourceVersionDate "2021.10.06"]
[SourceQuality "1"]

1. c4 e5 2. Nc3 Nc6 3. g3 f5 4. Bg2 Nf6 5. d3 d6 6. f4 Rb8 7. Bxc6+ bxc6 8. fxe5 dxe5 9. Qa4 Bd7 10. Qa5 c5 11. Nf3 Bd6 12. 0-0 0-0 13. Rb1 f4 14. Kg2 Qc8 15. Kf2 fxg3+ 16. hxg3 Bc6 17. e4 Qh3 18. Ne2 Nxe4+ 19. dxe4 Bxe4 20. Neg1 Rxf3+ 21. Nxf3 Bxf3 22. Qe1 Bg2 23. Rg1 Rf8+ 24. Ke3 e4 25. Kd2 Qxg3 26. Qe2 Rf2 0-1

[Event "Nova Odessa IRT Regional 1st"]
[Site "Nova Odessa"]
[Date "2011.08.06"]
[Round "4.9"]
[White "Horta, Marcio Rodrigues"]
[Black "Squincalha, Pedro Guilherme"]
[Result "1-0"]
[WhiteElo "1993"]
[BlackElo "1715"]
[PlyCount "55"]
[EventDate "2011.08.05"]
[EventType "swiss"]
[EventRounds "6"]
[EventCountry "BRA"]
[SourceTitle "EXT 2022"]
[Source "ChessBase"]
[SourceDate "2021.10.06"]
[SourceVersion "1"]
[SourceVersionDate "2021.10.06"]
[SourceQuality "1"]

1. e4 c5 2. Nf3 d6 3. c3 Nf6 4. Qc2 e6 5. d4 cxd4 6. cxd4 Be7 7. Nc3 Qc7 8. Bd3 a6 9. 0-0 0-0 10. e5 Nfd7 11. Bxh7+ Kh8 12. Re1 Nc6 13. Bf4 d5 14. Rac1 b5 15. Qb1 Qb6 16. Be3 Re8 17. Bd3 Rg8 18. h4 g6 19. g3 Bd8 20. Kg2 Ne7 21. h5 Nf5 22. hxg6 Rxg6 23. Bxf5 exf5 24. Qxf5 Qe6 25. Rh1+ Kg7 26. Qh5 Kf8 27. Qh8+ Rg8 28. Bh6+ 1-0

[Event "BRA-ch Amateur"]
[Site "Sao Paulo"]
[Date "2011.03.07"]
[Round "5"]
[White "Sztokbant, Bernardo Vainzoff"]
[Black "Horta, Marcio Rodrigues"]
[Result "1/2-1/2"]
[WhiteElo "1989"]
[BlackElo "1982"]
[PlyCount "67"]
[EventDate "2011.03.05"]
[EventType "swiss"]
[EventRounds "7"]
[EventCountry "BRA"]
[SourceTitle "EXT 2014"]
[Source "ChessBase"]
[SourceDate "2013.11.20"]
[SourceVersion "1"]
[SourceVersionDate "2013.11.20"]
[SourceQuality "1"]

1. e4 e6 2. d4 d5 3. Nc3 Nf6 4. e5 Nfd7 5. f4 c5 6. Nf3 Nc6 7. Be3 a6 8. Qd2 Qc7 9. 0-0-0 cxd4 10. Nxd4 Nxd4 11. Bxd4 b5 12. Bd3 b4 13. Ne2 Be7 14. Qe3 Nc5 15. h4 b3 16. axb3 Nxb3+ 17. Kb1 Nc5 18. g4 Nxd3 19. Rxd3 Bd7 20. Qf3 0-0 21. f5 Rfc8 22. Rc3 Qd8 23. f6 Bb4 24. Rxc8 Rxc8 25. fxg7 Be7 26. Nf4 Qc7 27. c3 Rb8 28. Nh5 Bb5 29. Rh2 Qb7 30. Rf2 Bxh4 31. Rh2 Bg5 32. Bc5 Bc4 33. Bb4 h6 34. Bd6 1/2-1/2

[Event "BRA-ch Amateur"]
[Site "Sao Paulo"]
[Date "2011.03.05"]
[Round "2"]
[White "Horta, Marcio Rodrigues"]
[Black "Ferreira, Jonas de Vargas"]
[Result "1-0"]
[WhiteElo "1982"]
[BlackElo "1800"]
[PlyCount "49"]
[EventDate "2011.03.05"]
[EventType "swiss"]
[EventRounds "7"]
[EventCountry "BRA"]
[SourceTitle "EXT 2014"]
[Source "ChessBase"]
[SourceDate "2013.11.20"]
[SourceVersion "1"]
[SourceVersionDate "2013.11.20"]
[SourceQuality "1"]

1. e4 e6 2. d4 d5 3. Nc3 dxe4 4. Nxe4 Nd7 5. Nf3 Ngf6 6. Ng3 Be7 7. Bd3 0-0 8. 0-0 b6 9. Re1 Bb7 10. Bd2 c5 11. c3 h6 12. Qe2 Qc7 13. Rac1 Nd5 14. Nh5 N7f6 15. Ne5 Nxh5 16. Qxh5 Nf6 17. Qh3 Qd8 18. Bxh6 gxh6 19. Qxh6 Qd5 20. Qg5+ Kh8 21. Qh6+ Kg8 22. f3 cxd4 23. Ng4 Rfd8 24. Nxf6+ Bxf6 25. Bh7+ 1-0

[Event "Itapetininga de Souza Memorial"]
[Site "Itapetininga"]
[Date "2010.08.29"]
[Round "5.3"]
[White "Horta, Marcio Rodrigues"]
[Black "Dias, Joao Batista de Sou"]
[Result "1-0"]
[WhiteElo "1978"]
[BlackElo "2054"]
[PlyCount "119"]
[EventDate "2010.08.28"]
[EventType "swiss"]
[EventRounds "5"]
[EventCountry "BRA"]
[SourceTitle "EXT 2022"]
[Source "ChessBase"]
[SourceDate "2021.10.06"]
[SourceVersion "1"]
[SourceVersionDate "2021.10.06"]
[SourceQuality "1"]

1. e4 e5 2. Nf3 Nc6 3. Bb5 a6 4. Bxc6 dxc6 5. 0-0 Bd6 6. d4 exd4 7. Qxd4 Bf8 8. Qxd8+ Kxd8 9. Rd1+ Ke8 10. Bf4 f5 11. Bxc7 Be7 12. e5 g5 13. Nc3 h5 14. Na4 g4 15. Nb6 gxf3 16. Nxa8 fxg2 17. Nb6 Be6 18. Bd6 Bd8 19. Bc5 Nh6 20. Kxg2 Rg8+ 21. Kf1 Ng4 22. h3 Nh6 23. f4 Rg3 24. Rd3 Rg6 25. b3 Bh4 26. Rad1 Nf7 27. Bf2 Bd8 28. Nc4 Bd5 29. Rg3 Rxg3 30. Bxg3 h4 31. Bf2 b5 32. Ne3 Bf3 33. Rc1 Be4 34. c3 Nh8 35. Ng2 Ng6 36. Be3 Be7 37. Kf2 Kf7 38. Rd1 Ke6 39. Ne1 c5 40. Nd3 c4 41. bxc4 bxc4 42. Nb2 Bd5 43. Rg1 Kf7 44. Ke2 Bd8 45. Kd2 Be7 46. Na4 Bf8 47. Rg5 Be4 48. Rh5 Kg7 49. Rg5 Kf7 50. e6+ Kf6 51. Bd4+ Kxe6 52. Rxg6+ Kf7 53. Rf6+ Ke7 54. Rxa6 Bg2 55. Bc5+ Kf7 56. Bxf8 Kxf8 57. Rh6 Bxh3 58. Rxh4 Bg2 59. Ke3 Ke7 60. Kd4 1-0

[Event "Barrinha Merli Memorial op"]
[Site "Barrinha"]
[Date "2010.07.03"]
[Round "3"]
[White "Da Silva, Lucas de Lima"]
[Black "Horta, Marcio Rodrigues"]
[Result "0-1"]
[WhiteElo "1467"]
[BlackElo "1978"]
[PlyCount "88"]
[EventDate "2010.07.02"]
[EventType "swiss"]
[EventRounds "6"]
[EventCountry "BRA"]
[SourceTitle "EXT 2011"]
[Source "ChessBase"]
[SourceDate "2010.11.26"]
[SourceVersion "1"]
[SourceVersionDate "2010.11.26"]
[SourceQuality "1"]

1. e4 e6 2. d4 d5 3. Nc3 Nf6 4. e5 Nfd7 5. Nce2 c5 6. c3 Nc6 7. Be3 Qb6 8. Qd2 Be7 9. g3 Na5 10. dxc5 Qc7 11. b4 Nc4 12. Qd4 Nxe3 13. Qxe3 Qxe5 14. Qxe5 Nxe5 15. Nd4 Nc6 16. Bb5 Bd7 17. Nxc6 bxc6 18. Bd3 Bf6 19. Ne2 a5 20. b5 cxb5 21. Rb1 Rb8 22. Nd4 Bxd4 23. cxd4 0-0 24. 0-0 b4 25. Rfc1 Bb5 26. Bxb5 Rxb5 27. a4 Rbb8 28. Rb3 Rfc8 29. Re1 Rc6 30. f4 f6 31. Kf2 Kf7 32. Kf3 Rc7 33. h3 Re7 34. g4 e5 35. dxe5 fxe5 36. Rd1 Rd8 37. fxe5 Rxe5 38. Rbd3 Ke6 39. Rc1 Rf8+ 40. Kg3 Rc8 41. Kf3 g5 42. Re3 d4 43. Rxe5+ Kxe5 44. c6 Kd5 0-1

[Event "Barrinha Merli Memorial op"]
[Site "Barrinha"]
[Date "2010.07.03"]
[Round "4"]
[White "Horta, Marcio Rodrigues"]
[Black "Ferreira, Jonas de Vargas"]
[Result "1-0"]
[WhiteElo "1978"]
[BlackElo "1796"]
[PlyCount "105"]
[EventDate "2010.07.02"]
[EventType "swiss"]
[EventRounds "6"]
[EventCountry "BRA"]
[SourceTitle "EXT 2011"]
[Source "ChessBase"]
[SourceDate "2010.11.26"]
[SourceVersion "1"]
[SourceVersionDate "2010.11.26"]
[SourceQuality "1"]

1. e4 e6 2. d4 d5 3. Nc3 dxe4 4. Nxe4 Be7 5. Nf3 Bd7 6. Bd3 Bc6 7. 0-0 Nf6 8. Ned2 Qd5 9. c4 Qh5 10. Ne5 Qxd1 11. Rxd1 0-0 12. b3 Nfd7 13. Nxc6 Nxc6 14. Bb2 Bf6 15. Nf3 Rad8 16. Be4 Rfe8 17. Bxc6 bxc6 18. Ne5 Bxe5 19. dxe5 Nf8 20. f4 Ng6 21. g3 h5 22. Kf2 Ne7 23. Ke2 Nf5 24. Rxd8 Rxd8 25. Rd1 Rxd1 26. Kxd1 h4 27. gxh4 Nxh4 28. Ke2 Nf5 29. Kd3 Kf8 30. Bd4 a6 31. Bf2 Ke8 32. Kc3 Kd8 33. Kb4 Kc8 34. Kc5 Kb7 35. b4 Ne7 36. a4 Nc8 37. a5 Na7 38. Kd4 Nc8 39. Bh4 g6 40. Bf6 Na7 41. Be7 c5+ 42. Bxc5 Nc6+ 43. Ke4 Kc8 44. Kf3 Kd7 45. h4 Ke8 46. Kg4 Kd7 47. Kg5 Ke8 48. Kf6 Nb8 49. Kg7 Nc6 50. Kg8 Nb8 51. b5 c6 52. b6 Nd7 53. Bd6 1-0

[Event "Sao Jose dos Pinhais op"]
[Site "Sao Jose dos Pinhais"]
[Date "2010.04.04"]
[Round "6"]
[White "Okamura, Milton Kasuo"]
[Black "Horta, Marcio Rodrigues"]
[Result "1-0"]
[WhiteElo "2195"]
[BlackElo "1962"]
[PlyCount "83"]
[EventDate "2010.04.01"]
[EventType "swiss"]
[EventRounds "7"]
[EventCountry "BRA"]
[SourceTitle "EXT 2011"]
[Source "ChessBase"]
[SourceDate "2010.11.26"]
[SourceVersion "1"]
[SourceVersionDate "2010.11.26"]
[SourceQuality "1"]

1. d4 e6 2. c4 d5 3. Nf3 Nd7 4. Nc3 c6 5. e3 f5 6. Qc2 g6 7. g3 Bd6 8. b3 Ngf6 9. Bg2 0-0 10. 0-0 Ne4 11. Bb2 Ndf6 12. Ne5 Nxc3 13. Bxc3 Ne4 14. Bb2 Qg5 15. Qe2 Nf6 16. a3 Bd7 17. b4 a6 18. f3 Qh5 19. Qd2 Rad8 20. a4 g5 21. Qc3 g4 22. Nxd7 Rxd7 23. e4 gxf3 24. Bxf3 Ng4 25. Bxg4 fxg4 26. e5 Be7 27. b5 Qg5 28. bxc6 bxc6 29. cxd5 cxd5 30. Rae1 Rdd8 31. Bc1 Qg6 32. Qc6 Rc8 33. Qxa6 Rxf1+ 34. Rxf1 Rc2 35. Qa8+ Kg7 36. Qb7 Rxc1 37. Qxe7+ Kh6 38. Rxc1 Qe4 39. Qxe6+ Kg5 40. Qf6+ Kh5 41. Qf7+ Kg5 42. Qf4+ 1-0

[Event "Paulista-ch final"]
[Site "Itapetininga"]
[Date "2009.10.02"]
[Round "1"]
[White "Martins, Vinicius Tine"]
[Black "Horta, Marcio Rodrigues"]
[Result "1-0"]
[WhiteElo "2264"]
[BlackElo "1896"]
[PlyCount "51"]
[EventDate "2009.10.02"]
[EventType "swiss"]
[EventRounds "6"]
[EventCountry "BRA"]
[SourceTitle "CBM 132 Extra"]
[Source "ChessBase"]
[SourceDate "2009.11.03"]
[SourceVersion "1"]
[SourceVersionDate "2009.11.03"]
[SourceQuality "1"]

1. e4 e6 2. d4 d5 3. Nc3 Nf6 4. e5 Nfd7 5. f4 c5 6. Nf3 Nc6 7. Be3 cxd4 8. Nxd4 Bc5 9. Qd2 a6 10. 0-0-0 0-0 11. Kb1 Nxd4 12. Bxd4 b5 13. Qe3 Bxd4 14. Rxd4 Qc7 15. Bd3 Nb8 16. f5 Nc6 17. f6 Qxe5 18. Bxh7+ Kxh7 19. Qh3+ Kg6 20. fxg7 Rg8 21. Rg4+ Qg5 22. Rxg5+ Kxg5 23. Qg3+ Kh6 24. Rf1 Rxg7 25. Qh4+ Kg6 26. Rf6# 1-0

[Event "Cananeia I IRT Aberto Festa"]
[Site "Cananeia"]
[Date "2009.08.15"]
[Round "2"]
[White "Horta, Marcio Rodrigues"]
[Black "Zini, Jhone Marcelo"]
[Result "1/2-1/2"]
[WhiteElo "1906"]
[BlackElo "2151"]
[PlyCount "109"]
[EventDate "2009.08.15"]
[EventType "swiss"]
[EventRounds "6"]
[EventCountry "BRA"]
[SourceTitle "EXT 2022"]
[Source "ChessBase"]
[SourceDate "2021.10.06"]
[SourceVersion "1"]
[SourceVersionDate "2021.10.06"]
[SourceQuality "1"]

1. e4 c5 2. c3 Nf6 3. e5 Nd5 4. d4 cxd4 5. cxd4 Nc6 6. Nf3 e6 7. Bc4 Nb6 8. Bb3 d6 9. Bg5 Qc7 10. Qe2 h6 11. Bf4 g5 12. d5 gxf4 13. dxc6 bxc6 14. Nc3 d5 15. 0-0 Be7 16. Rac1 a6 17. Na4 c5 18. Qd2 Nxa4 19. Bxa4+ Bd7 20. Qxf4 Bb5 21. Rfe1 Qd7 22. Bc2 Qb7 23. Ba4 Rd8 24. Bc2 Bc6 25. Ba4 Bb5 26. Bc2 Bc6 27. Ba4 d4 28. Bxc6+ Qxc6 29. Nxd4 Qb6 30. Nf3 Qxb2 31. Qa4+ Qb5 32. Qg4 Kf8 33. Qe4 Qd3 34. Qxd3 Rxd3 35. Rb1 Kg7 36. Rb7 Re8 37. Kf1 Bf8 38. Ke2 Ra3 39. Rb2 c4 40. Rc1 Rc8 41. Rcc2 Kg6 42. Nd2 Ra4 43. g3 Rc5 44. Nf3 Ra3 45. Rb4 a5 46. Rb8 Bg7 47. Nh4+ Kh7 48. f4 c3 49. Rb3 Rxa2 50. Rxa2 c2 51. Rxc2 Rxc2+ 52. Kf3 Bf8 53. Rb7 Kg8 54. Ra7 Bb4 55. Kg4 1/2-1/2